Guide to the reptiles, amphibians and fresh-water fishes of Florida /

Bibliographic Details
Main Author: Carr, Archie, 1909-1987
Other Authors: Goin, Coleman J. (Coleman Jett), 1911-1986
Format: Book
Language:English
Published: Gainesville : University of Florida Press, 1959.
Subjects:

MARC

Tag First Indicator Second Indicator Subfields
LEADER 00000cam a2200000 4500
001 in00000051408
005 20151007071932.0
008 750501s1959 fluaf b 00010 eng u
010 |a  59004926  
035 |a (OCoLC)01309375 
035 |9 AAE6910AM 
040 |c ORL  |d TXA  |d UtOrBLW 
049 |a TXAM  |c [315823] 
050 0 0 |a QL169  |b .C3 1959 
082 0 |a 597.09759 
092 |a 597  |b C111g, 1959 
100 1 |a Carr, Archie,  |d 1909-1987. 
245 1 0 |a Guide to the reptiles, amphibians and fresh-water fishes of Florida /  |c by Archie Carr and Coleman J. Goin. 
264 1 |a Gainesville :  |b University of Florida Press,  |c 1959. 
300 |a ix, 341 pages :  |b illustrations, 67 plates. ;  |c 24 cm. 
336 |a text  |b txt  |2 rdacontent 
337 |a unmediated  |b n  |2 rdamedia 
338 |a volume  |b nc  |2 rdacarrier 
504 |a Bibliography: page 329. 
650 0 |a Reptiles  |z Florida. 
650 0 |a Amphibians  |z Florida. 
650 0 |a Freshwater fishes  |z Florida. 
700 1 |a Goin, Coleman J.  |q (Coleman Jett),  |d 1911-1986. 
999 |a MARS 
999 f f |s 143197c4-dbff-31fb-8963-4a1a8d7b8dbd  |i 838a3937-ca38-39ea-9dd5-8ca5965b81ee  |t 0 
952 f f |p ric  |a Texas A&M University  |b Rellis Campus  |c Joint Library Facility  |d Remote Storage  |t 0  |e QL169 .C3 1959  |h Library of Congress classification  |i unmediated -- volume  |m A14801018605 
998 f f |a QL169 .C3 1959  |t 0  |l Remote Storage